| 000 | 01574nam a22003257a 4500 | ||
|---|---|---|---|
| 003 | NALT | ||
| 005 | 20231115105359.0 | ||
| 008 | 220205b th ||||| |||| 00| 0 tha d | ||
| 020 | _a9789740202158 | ||
| 040 | _aNALT | ||
| 041 | 1 |
_atha _heng |
|
| 050 |
_aQC 981.8.G56 _bล981ห 2551 |
||
| 100 | 1 |
_956462 _aไลนัส, มาร์ก |
|
| 245 | 1 | 0 |
_a6 องศาโลกาวินาศ = _bSix degrees : our future on a hotter planet / _cมาร์ก ไลนัส ; ศิริพงษ์ วิทยวิโรจน์, พลอยแสง เอกญาติ แปล. |
| 246 | 1 | 4 |
_aSix degrees : _bOur future on a hotter planet. |
| 250 | _aพิมพ์ครั้งแรก. | ||
| 260 |
_aกรุงเทพฯ : _bมติชน, _c2551 |
||
| 300 |
_a390 หน้า : _bตาราง, ภาพประกอบ ; _c21 ซม. |
||
| 650 | 4 |
_928139 _aการเปลี่ยนแปลงอุณหภูมิโลก |
|
| 650 | 4 |
_91994 _aภาวะโลกร้อน |
|
| 650 | 4 |
_921496 _aการเปลี่ยนแปลงภูมิอากาศโลก |
|
| 650 | 4 |
_921494 _aอุณหภูมิโลก |
|
| 650 | 4 |
_921495 _aความร้อน _xผลกระทบต่อสิ่งแวดล้อม |
|
| 700 | 1 |
_921492 _aLynas, Mark |
|
| 700 | 0 |
_921493 _aศิริพงษ์ วิทยวิโรจน์ |
|
| 700 | 0 |
_921490 _aพลอยแสง เอกญาติ |
|
| 850 | _aNALT | ||
| 942 |
_2lcc _cGB |
||
| 996 |
_aphornvitoo _bCATSTF _c2023-11-09 |
||
| 999 |
_c99338 _d99338 |
||
| 998 |
_j3099 _k พรวิทู โค้วคชาภรณ์ |
||